| 000 | 00548nam a22001817a 4500 | ||
|---|---|---|---|
| 005 | 20260225105545.0 | ||
| 008 | 260225b |||||||| |||| 00| 0 eng d | ||
| 020 | _a9781719640473 (hbk) | ||
| 040 | _cPK-LaUMT | ||
| 082 |
_a615.82 _bKIS-T |
||
| 100 |
_aKisner, Carolyn _99469 |
||
| 245 |
_aTherapeutic exercise : _bfoundations and techniques / _cby Carolyn Kisner, John Borstad and Lynn Allen Colby |
||
| 250 | _a8th ed. | ||
| 260 |
_aPhiladelphia : _bF. A. Davis, _c2023 |
||
| 300 | _a1124 p. | ||
| 650 |
_aExercise therapy _94981 |
||
| 942 | _cBK | ||
| 999 |
_c139878 _d139878 |
||